South Eastern Kenya University

Library Online Public Access Catalogue


Accounting for economic activities in large marine ecosytems and regional seas / (Record no. 3349)

MARC details
000 -LEADER
fixed length control field 00494cam a22001574a 4500
020 ## - ISBN
International Standard Book Number 9789280727487
050 00 - LIBRARY OF CONGRESS CALL NUMBER
Classification Number GC1018.5
Item Number .H63 2006
100 1# - MAIN ENTRY--Author
Personal name Hoagland, Porter.
245 10 - TITLE
Title Accounting for economic activities in large marine ecosytems and regional seas /
Statement of responsibility, etc prepared by, Porter Hoagland and Di Jin.
260 ## - PUBLICATION, DISTRIBUTION, ETC.(IMPRINT)
Place of publication, distribution, etc Nairobi :
Name of publisher, distributor, etc UNEP,
Date of publication, distribution, etc c2006.
300 ## - PHYSICAL DESCRIPTION
Extent vii, 59 p. :
500 ## - GENERALNOTE
General note "UNEP/RSP and NOAA LME partnership."
650 #0 - SUBJECT--TOPIC
General subdivision Economic aspects.
700 1# - ADDED ENTRY--PERSONAL AUTHOR
Personal Name Jin, Di,
942 ## - ADDED ENTRY ELEMENTS(KOHA)
Koha item type General circulation
Holdings
Source of classification or shelving scheme Not for loan Location (home branch) Sublocation (holding branch) Date accessioned Cost, normal purchase price Full call number Barcode Copy number Cost, replacement price Koha item type Public note
Library of Congress Classification   Main Campus Library Main Campus Library 11/09/2014 1000.00 GC1018.5 .H63 2006 5088 C1 1200.00 General circulation CM
Library of Congress Classification   Main Campus Library Main Campus Library 11/09/2014 1000.00 GC1018.5 .H63 2006 5087 C2 1200.00 General circulation CM
Library of Congress Classification   Main Campus Library Main Campus Library 11/09/2014 1000.00 GC1018.5 .H63 2006 6484 C3 1200.00 General circulation CM
Library of Congress Classification   Main Campus Library Main Campus Library 27/10/2014 1000.00 GC1018.5 .H63 2006 6436 C4 1200.00 General circulation sm
Kitui, Kenya.
+254736116989
library@seku.ac.ke